Every Song by Whitesnake - Statistics

General Stats
  • This quiz has been taken 49 times
  • The average score is 27 of 144
Answer Stats
Album Song % Correct
Saints & Sinners(1982) Here I Go Again
90%
Lovehunter(1979) Love Hunter
81%
Ready an' Willing(1980) Ready an' Willing
81%
Whitesnake(1987) Still of the Night
81%
Slide It In(1984) Slide It In
77%
Come an' Get It(1981) Come an' Get It
74%
Ready an' Willing(1980) | Slip of the Tongue(1989) Fool for Your Loving
68%
Slip of the Tongue(1989) Slip of the Tongue
68%
Trouble(1978) Trouble
68%
Whitesnake(1987) Is This Love
61%
Come an' Get It(1981) Don't Break My Heart Again
52%
Restless Heart(1997) Restless Heart
52%
Restless Heart(1997) Crying
48%
Saints & Sinners(1982) Crying in the Rain
48%
Slide It In(1984) Love Ain't No Stranger
48%
Flesh & Blood(2019) Flesh & Blood
45%
Lovehunter(1979) Medicine Man
45%
Lovehunter(1979) Walking in the Shadow of the Blues
45%
Whitesnake(1987) Bad Boys
42%
Forevermore(2011) Forevermore
42%
Ready an' Willing(1980) Sweet Talker
42%
Slip of the Tongue(1989) Now You're Gone
39%
Slide It In(1984) Slow an' Easy
39%
Slip of the Tongue(1989) The Deeper the Love
39%
Come an' Get It(1981) Would I Lie to You
39%
Ready an' Willing(1980) Blindman
35%
Come an' Get It(1981) Child of Babylon
35%
Slide It In(1984) Gambler
35%
Slip of the Tongue(1989) Judgment Day
35%
Slip of the Tongue(1989) Kittens Got Claws
35%
Ready an' Willing(1980) Ain't Gonna Cry No More
32%
Whitesnake(1987) Children of the Night
32%
Whitesnake(1987) Give Me All Your Love
32%
Good to Be Bad(2008) Good to Be Bad
32%
Whitesnake(1987) Straight for the Heart
32%
Come an' Get It(1981) Wine, Women an' Song
32%
Slip of the Tongue(1989) Cheap an' Nasty
29%
Saints & Sinners(1982) Saints an' Sinners
29%
Snakebite(1978) Come On
26%
Starkers in Tokyo(1997) Soldier of Fortune
26%
Slip of the Tongue(1989) Wings of the Storm
26%
Slip of the Tongue(1989) Sailing Ships
23%
Slide It In(1984) Standing in the Shadow
23%
Ready an' Willing(1980) Black and Blue
19%
Slide It In(1984) Guilty of Love
19%
Slide It In(1984) Give Me More Time
16%
Trouble(1978) Lie Down (A Modern Love Song)
16%
Restless Heart(1997) Too Many Tears
16%
Saints & Sinners(1982) Victim of Love
16%
Lovehunter(1979) We Wish You Well
16%
Saints & Sinners(1982) Young Blood
16%
Saints & Sinners(1982) Dancing Girls
13%
Come an' Get It(1981) Hot Stuff
13%
Lovehunter(1979) Long Way from Home
13%
Trouble(1978) Love to Keep You Warm
13%
Saints & Sinners(1982) Rough an' Ready
13%
Slip of the Tongue(1989) Slow Poke Music
13%
Trouble(1978) The Time Is Right for Love
13%
Good to Be Bad(2008) All for Love
10%
Trouble(1978) Belgian Tom's Hat Trick
10%
Ready an' Willing(1980) Carry Your Load
10%
Trouble(1978) Don't Mess with Me
10%
Whitesnake(1987) Don't Turn Away
10%
Trouble(1978) Free Flight
10%
Come an' Get It(1981) Girl
10%
Come an' Get It(1981) Hit an' Run
10%
Slide It In(1984) Hungry for Love
10%
Good to Be Bad(2008) Lay Down Your Love
10%
Come an' Get It(1981) Lonely Days, Lonely Nights
10%
Trouble(1978) Nighthawk (Vampire Blues)
10%
Lovehunter(1979) Outlaw
10%
Saints & Sinners(1982) Rock an' Roll Angels
10%
Flesh & Blood(2019) Shut Up & Kiss Me
10%
Slide It In(1984) Spit It Out
10%
Greatest Hits(1994) Sweet Lady Luck
10%
Trouble(1978) Take Me with You
10%
Lovehunter(1979) You 'n' Me
10%
Good to Be Bad(2008) A Fool in Love
6%
Good to Be Bad(2008) All I Want, All I Need
6%
Slide It In(1984) All or Nothing
6%
Good to Be Bad(2008) Best Years
6%
Saints & Sinners(1982) Bloody Luxury
6%
Snakebite(1978) Bloody Mary
6%
Live... in the Shadow of the Blues(2006) Dog
6%
Restless Heart(1997) Don't Fade Away
6%
Flesh & Blood(2019) Gonna Be Alright
6%
Flesh & Blood(2019) Heart of Stone
6%
Lovehunter(1979) Help Me Thro' the Day
6%
Flesh & Blood(2019) Hey You (You Make Me Rock)
6%
Live... in the Shadow of the Blues(2006) If You Want Me
6%
Saints & Sinners(1982) Love an' Affection
6%
Ready an' Willing(1980) Love Man
6%
Restless Heart(Bonus)(1997) Oi
6%
Lovehunter(1979) Rock 'n' Roll Women
6%
Flesh & Blood(2019) Sands of Time
6%
Ready an' Willing(1980) She's a Woman
6%
Good to Be Bad(2008) Summer Rain
6%
Restless Heart(1997) Take Me Back Again
6%
Come an' Get It(1981) 'Till the Day I Die
6%
Flesh & Blood(2019) Trouble is Your Middle Name
6%
Flesh & Blood(2019) When I Think of You (Color Me Blue)
6%
Restless Heart(1997) Woman Trouble Blues
6%
Flesh & Blood(2019) After All
3%
Restless Heart(1997) All in the Name of Love
3%
Live... in the Shadow of the Blues(2006) All I Want is You
3%
Flesh & Blood(2019) Always & Forever
3%
Restless Heart(Bonus)(1997) Anything You Want
3%
Good to Be Bad(2008) Call on Me
3%
Flesh & Blood(Bonus)(2019) Can't Do Right for Doing Wrong
3%
Restless Heart(1997) Can't Go On
3%
Restless Heart(Bonus)(1997) Can't Stop Now
3%
Good to Be Bad(2008) Can You Hear the Wind Blow
3%
Forevermore(2011) Dogs in the Street
3%
Forevermore(2011) Easier Said Than Done
3%
Forevermore(2011) Fare Thee Well
3%
Flesh & Blood(2019) Get Up
3%
Flesh & Blood(2019) Good to See You Again
3%
Good to Be Bad(2008) Got What You Need
3%
Flesh & Blood(Bonus)(2019) If I Can't Have You
3%
Forevermore(2011) Love Will Set You Free
3%
Lovehunter(1979) Mean Business
3%
Forevermore(2011) One of These Days
3%
Live... in the Shadow of the Blues(2006) Ready to Rock
3%
Snakebite(1978) Steal Away
3%
Forevermore(2011) Steal Your Heart Away
3%
Good to Be Bad(2008) 'Til the End of Time
3%
Flesh & Blood(2019) Well I Never
3%
Love Songs(2020) With All of My Heart
3%
Restless Heart(1997) You're So Fine
3%
Restless Heart(1997) Your Precious Love
3%
Made in Japan(2013) Adagio for Strato
0%
Forevermore(2011) All Out of Luck
0%
The Rock Album(2020) Always the Same
0%
Made in Japan(2013) Flying Dutchman Boogie
0%
Forevermore(2011) I Need You (Shine a Light)
0%
Love Songs(2020) Let's Talk It Over
0%
Forevermore(2011) Love and Treat Me Right
0%
Forevermore(2011) My Evil Ways
0%
Made in Japan(2013) Six String Show Down
0%
Forevermore(2011) Tell Me How
0%
Made in Japan(2013) The Badger
0%
Forevermore(2011) Whipping Boy Blues
0%
Love Songs(2020) Yours for the Asking
0%
No matching quizzes found
Score Distribution
Percent of People with Each Score
Percentile by Number Answered
Your Score History
You have not taken this quiz